| 000 | 01471nam a2200337 a 4500 | ||
|---|---|---|---|
| 001 | ebr10005707 | ||
| 003 | CaPaEBR | ||
| 006 | m u | ||
| 007 | cr cn||||||||| | ||
| 008 | 000412s2000 txuab sb 001 0 eng | ||
| 010 | _z 00030245 | ||
| 020 | _z087565231X (alk. paper) | ||
| 040 |
_aCaPaEBR _cCaPaEBR |
||
| 035 | _a(OCoLC)613372865 | ||
| 050 | 1 | 4 |
_aF786 _b.T68 2000eb |
| 082 | 0 | 4 |
_a972/.1 _221 |
| 100 | 1 | _aTorrans, Thomas. | |
| 245 | 1 | 0 |
_aForging the tortilla curtain _h[electronic resource] : _bcultural drift and change along the United States-Mexico border, from the Spanish era to the present / _cby Thomas Torrans. |
| 260 |
_aFort Worth : _bTCU Press, _cc2000. |
||
| 300 |
_axi, 424 p. : _bill., maps. |
||
| 504 | _aIncludes bibliographical references (p. 383-403) and index. | ||
| 533 |
_aElectronic reproduction. _bPalo Alto, Calif. : _cebrary, _d2013. _nAvailable via World Wide Web. _nAccess may be limited to ebrary affiliated libraries. |
||
| 650 | 0 |
_aAcculturation _zMexican-American Border Region _xHistory. |
|
| 650 | 0 |
_aSocial change _zMexican-American Border Region _xHistory. |
|
| 651 | 0 |
_aMexican-American Border Region _xHistory. |
|
| 651 | 0 |
_aUnited States _xRelations _zMexico. |
|
| 651 | 0 |
_aMexico _xRelations _zUnited States. |
|
| 655 | 7 |
_aElectronic books. _2local |
|
| 710 | 2 | _aebrary, Inc. | |
| 856 | 4 | 0 |
_uhttp://site.ebrary.com/lib/rucke/Doc?id=10005707 _zAn electronic book accessible through the World Wide Web; click to view |
| 999 |
_c3413 _d3413 |
||